000
00257nam a2200109Ia 4500
008
170627s9999 xx 000 0 und d
100
_a
KOONTZ- HAROLD
245
0
_a
ESSENTIALS OF MANAGEMENT
260
_b
TMH
260
_c
2005
546
_a
ENGLISH
690
_a
ESSENTIALS OF MANAGEMENT
999
_c
35283
_d
35283